| 000 | 00830nam a2200229 i 4500 | ||
|---|---|---|---|
| 001 | 112812 | ||
| 003 | ES-MaACL | ||
| 005 | 20250524180310.0 | ||
| 007 | t| | ||
| 008 | 061121s1907 fr r ||||1| fre d | ||
| 100 | 1 |
_aNietzsche, Friedrich, _d1844-1900 _985718 |
|
| 245 | 1 | 0 |
_aConsidérations inactuelles _b: David Strauss : de l'utilité et des inconvénients des etudes historiques / _cFriedrich Nietzsche ; traduit par Henri Albert. |
| 260 |
_aParis : _bMercure de France, _c1907. |
||
| 300 |
_a260 p. ; _c19 cm. |
||
| 600 | 1 | 4 |
_aStrauss, David Friedrich. _9108397 |
| 600 | 1 | 4 |
_aSchopenhauer, Arthur, _d1788-1860 _9240710 |
| 600 | 1 | 4 |
_aWagner, Richard, _d1813-1883 _9240522 |
| 650 | 4 |
_aHistoria- _xEnseñanza. _9141188 |
|
| 700 | 1 |
_aAlbert, Henri. _919310 |
|
| 852 |
_aES-MaACL _jF-8848 |
||
| 999 |
_c112812 _d112812 |
||